Normal view
MARC view
- Robinson-Horley, E. W
Entry Personal Name
001 - CONTROL NUMBER
- control field: 49087
003 - CONTROL NUMBER IDENTIFIER
- control field: NUST
005 - DATE AND TIME OF LATEST TRANSACTION
- control field: 20210314134239.0
008 - FIXED-LENGTH DATA ELEMENTS
- fixed length control field: 210314|| aca||aabn | a|a d
040 ## - CATALOGING SOURCE
- Original cataloging agency: NUST
- Transcribing agency: NUST
100 ## - HEADING--PERSONAL NAME
- Personal name: Robinson-Horley, E. W
670 ## - SOURCE DATA FOUND
- Source citation: Work cat.: (NUST): Robinson-Horley, E. W., Last post :, c1985.
